Pathways to psychology / (Record no. 5723)

MARC details
000 -LEADER
fixed length control field 00812cac a22002291u 4500
090 ## - LOCALLY ASSIGNED LC-TYPE CALL NUMBER (OCLC); LOCAL CALL NUMBER (OCLC)
-- 5723
008 - FIXED-LENGTH DATA ELEMENTS--GENERAL INFORMATION
fixed length control field 081105t2000 xxu||||| |||| 00| 0 eng d
010 ## - LIBRARY OF CONGRESS CONTROL NUMBER
LC control number 99064294
020 ## - INTERNATIONAL STANDARD BOOK NUMBER
International Standard Book Number 0155080474
082 00 - DEWEY DECIMAL CLASSIFICATION NUMBER
Classification number 150
Item number STE
100 ## - MAIN ENTRY--PERSONAL NAME
Personal name Sternberg, Robert J.
245 10 - TITLE STATEMENT
Title Pathways to psychology /
Statement of responsibility, etc Robert J. Sternberg.
250 ## - EDITION STATEMENT
Edition statement 2nd ed.
260 ## - PUBLICATION, DISTRIBUTION, ETC. (IMPRINT)
Place of publication, distribution, etc Fort Worth, TX :
Name of publisher, distributor, etc Harcourt College Publishers,
Date of publication, distribution, etc c2000.
300 ## - PHYSICAL DESCRIPTION
Extent 1 v. (various pagings) :
Other physical details ill. (some col.) ;
Dimensions 28 cm.
500 ## - GENERAL NOTE
General note distributer: Al-Ahram
504 ## - BIBLIOGRAPHY, ETC. NOTE
Bibliography, etc Includes bibliographical references and indexes.
511 ## - PARTICIPANT OR PERFORMER NOTE
Participant or performer note catalogued by: wessam
650 #0 - SUBJECT ADDED ENTRY--TOPICAL TERM
Topical term or geographic name as entry element Psychology.
942 ## - ADDED ENTRY ELEMENTS (KOHA)
Item type Book - Borrowing
Call number prefix 150STE
Source of classification or shelving scheme Dewey Decimal Classification
Holdings
Withdrawn status Item status Damaged status Not for loan Home library Current library Shelving location Date acquired Source of acquisition Total Checkouts Total Renewals Full call number Barcode Date last seen Date last borrowed Koha item type
        Central Library Central Library Lower Floor 04/11/2007 Purchase 5 5 150STE 000007265 15/07/2025 04/11/2020 Book - Borrowing